| 000 | 00779nam a2200229Ia 4500 | ||
|---|---|---|---|
| 005 | 20250108124916.0 | ||
| 008 | 008 250107s9999 xx 000 0 pun d | ||
| 020 | _a978-81-949379-3-7 | ||
| 037 | _aTB | ||
| 040 |
_aCRL _bpun _cCRL |
||
| 041 |
_apun _2pun |
||
| 084 | _aO152,3N43x P9 | ||
| 084 | _qCRL | ||
| 100 |
_aਚੰਜਨ, ਆਤਮਾ ਰਾਮ,ਲੇਖਕ _9160765 |
||
| 245 | 0 |
_aਸੂਲੀ ਟੁੰਗੇ ਸੂਰਜ _cਚੰਜਨ, ਆਤਮਾ ਰਾਮ,ਲੇਖਕ |
|
| 260 |
_aਚੰਡੀਗੜ, ਭਾਰਤ _bਸਪਤਰਿਸ਼ੀ ਪਬਲੀਕੇਸ਼ਨ _c2626 |
||
| 300 | _a95ਪ੍ਰ0 | ||
| 365 |
_aINR _b250 |
||
| 650 | _aਪੰਜਾਬੀ ਸਾਹਿਤ | ||
| 942 |
_cTB _hO152,3N43x P9 |
||
| 999 |
_c1235014 _d1235014 |
||